00298nam a22001217a 450000500170000002000110001703500120002803700130004010000170005324500480007026000390011830000190015720120303133657.0 c100.00 aB-29703 aDPLbENG aRamesh, T.A. aThe creation of one world /cby T.A. Ramesh aPondicherrybThe Halo Papersc2000 a197p.c16 cms.